000 00488nam a2200181 i 4500
001 bg
245 0 _aĆwiczenia laboratoryjne z biologii sanitarnej /
_cZofia Kańska [et al.]. Cz.1.
250 _aWyd.2 popr. i uzup.
260 _aWarszawa,
_c1984.
650 9 _aBiologia sanitarna
655 _aPodręczniki akademickie
700 1 _aKAŃSKA, Zofia.
040 _cBPK
041 _apol
080 _a628:57(075.8)(076)
942 _cKS
008 s pl f |000 0 pol
999 _c2427
_d2427
856 _uhttp://koha.tu.koszalin.pl/cgi-bin/koha/opac-detail.pl?biblionumber=2427
_yKatalog online BPK